| 000 | 01002cam a2200301 a 4500 | ||
|---|---|---|---|
| 001 | 16524158 | ||
| 003 | PILC | ||
| 005 | 20160119082823.0 | ||
| 008 | 101029s2011 nyua b 001 0 eng | ||
| 010 | _a 2010045901 | ||
| 020 | _a9781259010248 | ||
| 035 | _a(OCoLC)ocn320803694 | ||
| 040 |
_aDLC _cDLC _dYDX _dBTCTA _dYDXCP _dCDX _dBWX _dZAD _dDLC |
||
| 050 | 0 | 0 |
_aLB 1051 _b.Sa262 2011 |
| 082 | 0 | 0 | _a370.15 |
| 100 | 1 | _aSantrock, John W. | |
| 245 | 1 | 0 |
_aEducational psychology / _cJohn W. Santrock. |
| 250 | _a5th edition. | ||
| 260 |
_aNew York : _bMcGraw-Hill, _c2011. |
||
| 300 |
_axxxviii, 584, [70] p. : _bcolor illustrations ; _c28 cm. |
||
| 500 | _aIncludes bibliographical references and index. | ||
| 650 | 0 | _aEducational psychology. | |
| 650 | 0 | _aLearning, Psychology of. | |
| 650 | 0 | _aMotivation in education. | |
| 906 |
_a7 _bcbc _corignew _d1 _eecip _f20 _gy-gencatlg |
||
| 942 |
_2lcc _cBK _kFOR |
||
| 999 |
_c290439 _d290439 |
||